| 000 | 00000nam##2200000za#4500 |
| 001 | 9.576398 |
| 003 | CaOODSP |
| 005 | 20210624185123 |
| 007 | cr ||||||||||| |
| 008 | 150406|1982||||xxc|||||o f|0| 0 eng|d |
| 040 | |aCaOODSP|beng |
| 043 | |an-cn--- |
| 086 | 1 |aFs97-13/354E-PDF |
| 110 | 1 |aCanada. |bDepartment of Fisheries and Oceans. |
| 245 | 10|aBenthic microalgal primary production and community respiration at intertidal sites in Minas and Cumberland Basins, Bay of Fundy / |h[electronic resource]|cby B.T. Hargrave ...[et al.]. |
| 260 | |aDartmouth - Nova Scotia : |bFisheries and Oceans Canada |c1982. |
| 300 | |a185p.|breferences, tables |
| 490 | 1 |aCanadian data report of fisheries and aquatic sciences|vNo. 354 |
| 500 | |aOn t.p.: Bedford Institute of Oceanography, Dartmouth, Nova Scotia. Catalogue number of the print edition appears in the PDF version. |
| 546 | |a(Résumé en français) |
| 590 | |a13-12-Supp|b2013-05-10 |
| 720 | 1 |aHargrave, B. T. |
| 830 | #0|aCanadian data report of fisheries and aquatic sciences ;|vNo. 354|w(CaOODSP)9.505124 |
| 856 | 40|ahttp://publications.gc.ca|qPDF|s6058 KB|uhttps://publications.gc.ca/collections/collection_2013/mpo-dfo/Fs97-13-354-eng.pdf|yNo. 354 |